Statistics for Random Countries by First Letter and Last Letter

Click here to take the quiz!

General Stats

  • This quiz has been taken 199 times
  • The average score is 10 of 15

Answer Stats

First LetterLast LetterCountry% Correct
BMBelgium
100%
DKDenmark
100%
DOD. R. Congo
100%
ETEgypt
100%
FIFiji
100%
FDFinland
100%
GNGabon
100%
HYHungary
100%
INIran
100%
IQIraq
100%
KAKenya
100%
KOKosovo
100%
LSLaos
100%
LGLuxembourg
100%
ONOman
100%
PYParaguay
100%
QRQatar
100%
TYTurkey
100%
UAUganda
100%
VUVanuatu
100%
VMVietnam
100%
ZAZambia
100%
ZEZimbabwe
100%
PDPoland
83%
UMUnited Kingdom
83%
DIDjibouti
80%
FEFrance
80%
UYUruguay
80%
UNUzbekistan
80%
VAVenezuela
80%
CNCameroon
75%
KTKuwait
75%
NYNorway
75%
BOBurkina Faso
67%
BH
Bangladesh
67%
HSHonduras
67%
KIKiribati
67%
TUTuvalu
67%
EIEswatini
63%
DCDominican Republic
60%
HIHaiti
60%
NUNauru
60%
NRNiger
60%
VYVatican City
60%
NLNepal
57%
BEBelize
50%
DADominica
50%
GYGermany
50%
GEGreece
50%
IYItaly
50%
ITIvory Coast
50%
JAJamaica
50%
LOLesotho
50%
MEMozambique
50%
NDNew Zealand
50%
PNPakistan
50%
PLPortugal
50%
SLSenegal
50%
SDSwitzerland
50%
FAF. S. Micronesia
33%
PSPhilippines
33%
NSNetherlands
25%
TDThailand
25%
UEUkraine
25%
GUGuinea-Bissau
20%
SOSan Marino
17%
BLBrazil
0%
CDChad
0%
ILIsrael
0%
RORepublic of the Congo
0%
YNYemen
0%

Score Distribution

Percentile by Number Answered

Percent of People with Each Score

Your Score History

You have not taken this quiz